00921cam a22002651a 4500001001000000003000900010005001700019008004100036020001700077040002500094082001500119100004500134245007800179260004700257300002600304500003400330590002600364650003200390650002200422650001900444650004500463942001400508952011800522999001500640000001029DO-SdBNP20260317133557.0900731s1992 xxu r 001 0deng  a0345373162 : aDO-SdBNPbspacBNPHU axxxxbxxxx1 aVan Doren, Charles Lincoln,d1926-9355412aA history of knowledge :bpast, present, and future /cCharles Van Doren. aNew York, N.Y. :bBallantine Books,c1992. axxv, 422 p. ;c24 cm. aIncluye índice onomástico aInventariado, 2019/BT 4aErudiciónxHistoria93555 4aHumanidades93556 0aCultura989224 0aVida intelectualxAspectos sociales9333 2ddccLBS1 00105071aGRbGRcHDd2009-07-23e002344iLF1l0o001.2 V217hp1029-10r2020-06-25w2020-06-25y1ZNo se presta c1005d1005